000 00923nam a2200265Ia 4500
003 GCL
008 140319s9999 xx 000 0 ara d
040 _aGCL /
_cGCL
082 0 4 _aق
_b301.35
_bا ب
100 1 _aاحمد زايد
245 1 0 _aالبناء السياسى فى الريف المصرى: تحليل لجماعات الصفوة القديمة والجديدة /
_cاحمد زايد
260 _a[S.N] :
_bدار المعارف ،
_c1981
300 _a568 ص
490 _aسلسلة علم الاجتماع المعاصر
_v0
650 0 4 _aالعصر الحديث
650 0 4 _aمصر
650 0 4 _aتاريخ
650 0 4 _aالاحوال الاجتماعية
650 0 4 _aثورة 23 يوليو 1952
650 0 4 _aالطبقات الاجتماعية
650 0 4 _aالريف المصرى
650 0 4 _aالحياة الريفية
650 0 4 _aصفوة المجتمع
942 _2ddc
_cBK
999 _c36226
_d36226